Landlocked Countries - Statistics

General Stats
  • This quiz has been taken 35 times
  • The average score is 36 of 45
Answer Stats
Answer % Correct
Austria
94%
Czech Republic
94%
Hungary
94%
Slovakia
94%
Bolivia
90%
Kazakhstan
90%
Liechtenstein
90%
Mongolia
90%
Switzerland
90%
Tajikistan
90%
Andorra
87%
Belarus
87%
Nepal
87%
Paraguay
87%
Serbia
87%
Uzbekistan
87%
Bhutan
84%
Laos
84%
Luxembourg
84%
Chad
81%
Kosovo
81%
Kyrgyzstan
81%
Niger
81%
San Marino
81%
Turkmenistan
81%
Vatican City
81%
Afghanistan
77%
Central African Republic
77%
Moldova
77%
Rwanda
77%
Burundi
74%
Ethiopia
74%
Malawi
74%
Mali
74%
Uganda
74%
Burkina Faso
71%
Eswatini
71%
Lesotho
71%
Armenia
68%
Zambia
68%
Botswana
65%
North Macedonia
65%
South Sudan
65%
Zimbabwe
65%
Azerbaijan
55%
No matching quizzes found
Score Distribution
Percent of People with Each Score
Percentile by Number Answered
Your Score History
You have not taken this quiz